| 000 | 01127pam a2200265 a 4500 | ||
|---|---|---|---|
| 999 |
_c8254 _d8254 |
||
| 003 | OSt | ||
| 005 | 20201008122447.0 | ||
| 008 | 940804s1995 enkab b 001 0 eng | ||
| 020 | _a9780521376952 | ||
| 043 | _aaz----- | ||
| 050 | 0 | 0 |
_aDS338 _b.A45 1995 |
| 082 | 0 | 0 |
_a934 _220 |
| 100 | 1 |
_aAllchin, F. Raymond _q(Frank Raymond), _d1923-2010. |
|
| 245 | 1 | 4 |
_aThe archaeology of early historic South Asia : _bthe emergence of cities and states / _cF.R. Allchin ; with contributions from George Erdosy ... [et al.]. |
| 260 |
_aCambridge : _aNew York, NY, USA : _bCambridge University Press, _c1995. |
||
| 300 |
_axvii, 371 p. : _bill., maps ; _c26 cm. |
||
| 504 | _aIncludes bibliographical references (p. 342-357) and index. | ||
| 650 | 0 |
_aExcavations (Archaeology) _zSouth Asia. |
|
| 651 | 0 |
_aSouth Asia _xAntiquities. |
|
| 700 | 1 | _aErdosy, George. | |
| 856 | 4 | 1 |
_3Sample text _uhttp://www.loc.gov/catdir/samples/cam031/94023181.html |
| 856 | 4 | 2 |
_3Publisher description _uhttp://www.loc.gov/catdir/description/cam026/94023181.html |
| 856 | 4 | 1 |
_3Table of contents _uhttp://www.loc.gov/catdir/toc/cam021/94023181.html |
| 942 | _2ddc | ||